000 00811nam a2200217 i 4500
001 21530
003 ES-MaACL
005 20250430203726.0
007 t|
008 021126s1975 sp |||| | spa d
020 _a84-85137-09-4
080 _a821.134.2-21"19"
100 1 _aAlberti, Rafael,
_d1902-1999
_9240174
245 1 0 _aNumancia :
_btragedia /
_cRafael Alberti ; adaptación y versión actualizada... estrenada en Madrid, 1937.
260 _aMadrid :
_bTurner,
_c[1975]
300 _a147 p. ;
_c21 cm.
505 8 _aContiene, además, con port. propia: Rafael Alberti: Numancia: tragedia, versión modernizada... estrenada en Montevideo, 1943
600 1 7 _aCervantes Saavedra, Miguel de,
_d1547-1616.
_tLa Numancia
_2
_9161899
852 4 _aES-MaACL
_jE-7752
999 _c21530
_d21530